Statistics for Brisbane Airport International Destinations

Click here to take the quiz!

General Stats

  • This quiz has been taken 303 times
  • The average score is 36 of 53

Answer Stats

AirlineDestination% Correct
QantasSingapore
96%
Singapore AirlinesSingapore
96%
EmiratesSingapore
96%
EmiratesAuckland
94%
Air New ZealandAuckland
94%
Virgin AustraliaAuckland
94%
QantasAuckland
94%
China AirlinesAuckland
94%
Air ChinaBeijing
93%
Virgin AustraliaWellington
92%
EmiratesDubai
91%
Thai AirwaysBangkok
89%
QantasHong Kong
89%
Cathay PacificHong Kong
89%
Air CanadaVancouver
89%
Korean AirSeoul
86%
China Eastern AirlinesShanghai
85%
Virgin AustraliaChristchurch
83%
Air New ZealandChristchurch
83%
QantasChristchurch
83%
Hawaiian AirlinesHonolulu
82%
Etihad AirwaysAbu Dhabi
77%
Philippine Airlines{Manila} (via Darwin)
77%
QantasTokyo
77%
QantasLos Angeles
71%
Virgin AustraliaLos Angeles
71%
China AirlinesTaipei
69%
EVA AirTaipei
69%
QantasPort Moresby
67%
Virgin AustraliaPort Moresby
67%
Air NiuginiPort Moresby
67%
China Southern AirlinesGuangzhou
66%
Malindo Air{Kuala Lumpur} (via Denpasar)
65%
Fiji AirwaysNadi
61%
Virgin AustraliaNadi
61%
Air VanuatuPort Vila
54%
Virgin AustraliaPort Vila
54%
Jetstar AirwaysDenpasar
53%
Virgin AustraliaDenpasar
53%
Virgin AustraliaQueenstown
51%
Qantas{Queenstown} (seasonal)
51%
Air New Zealand{Queenstown} (seasonal)
51%
Nauru AirlinesNauru
50%
Solomon AirlinesHoniara
48%
Virgin AustraliaHoniara
48%
QantasNoumea
42%
AircalinNoumea
42%
Virgin AustraliaDunedin
41%
Virgin AustraliaApia
40%
Hainan AirlinesShenzhen
39%
Air New ZealandNorfolk Island
20%
Nauru AirlinesNorfolk Island
20%
Air VanuatuLuganville
9%

Score Distribution

Percentile by Number Answered

Percent of People with Each Score

Your Score History

You have not taken this quiz